000 00432nam a2200181Ia 4500
001 24973
005 20260414151119.0
008 260414t2009||||xx |||||||||||||| ||spa||
041 _aESP
082 _a346.01
_bL64
100 _aLimodio, Gabriel [ed.]
_eAUT
245 0 _aPrincipios de derecho privado
_b
260 _c2009
300 _a496 páginas :
_c21 cm.
650 _aDER
654 _aCDE
942 _cLIB
_dJUS
_fJUS
_2ddc
_n
999 _c24973
_d24973